Faculty of Law Library — Cairo University

Official Online Catalog

International legislation : (Record no. 15597)

MARC details
000 -LEADER
fixed length control field 01155nam a2200301 4500
003 - CONTROL NUMBER IDENTIFIER
control field EG-GICUC
005 - DATE AND TIME OF LATEST TRANSACTION
control field 20260328094606.0
008 - FIXED-LENGTH DATA ELEMENTS--GENERAL INFORMATION
fixed length control field 250811s1931 us f 000 0 eng d
040 ## - CATALOGING SOURCE
Original cataloging agency EG-GiCUC
Language of cataloging eng
Transcribing agency EG-GiCUC
Modifying agency EG-GiCUC
Description conventions rda
043 ## - GEOGRAPHIC AREA CODE
Geographic area code n-us---
082 04 - DEWEY DECIMAL CLASSIFICATION NUMBER
Edition number 21
Classification number 341.4
Item number IN
092 04 - LOCALLY ASSIGNED DEWEY CALL NUMBER (OCLC)
Edition number 21
099 ## - LOCAL FREE-TEXT CALL NUMBER (OCLC)
Classification number Law1 11 341.4 IN 1931
245 00 - TITLE STATEMENT
Title International legislation :
Remainder of title a collection of the texts of multipartite international instruments of general interest.
Number of part/section of a work Volume I - 1919-1921,
-- Numbers 1-64 :
Name of part/section of a work Beginning with Covenant of the League of Nations /
Statement of responsibility, etc. Edited by Manley O. Hudson.
264 #1 - PRODUCTION, PUBLICATION, DISTRIBUTION, MANUFACTURE, AND COPYRIGHT NOTICE
Place of production, publication, distribution, manufacture Washington :
Name of producer, publisher, distributor, manufacturer Carnegie Endowments for international peace,
Date of production, publication, distribution, manufacture, or copyright notice 1931.
300 ## - PHYSICAL DESCRIPTION
Extent 3 Volumes, (1330 Pages) ;
Dimensions 24 cm
336 ## - CONTENT TYPE
Source rda content
Content type term text
337 ## - MEDIA TYPE
Source rda media
Media type term Computer
338 ## - CARRIER TYPE
Source rda carrier
Carrier type term Online Resource
546 ## - LANGUAGE NOTE
Language note Text in English
650 #4 - SUBJECT ADDED ENTRY--TOPICAL TERM
Topical term or geographic name entry element International legislative relations
650 #4 - SUBJECT ADDED ENTRY--TOPICAL TERM
Topical term or geographic name entry element The League of Nations
650 #4 - SUBJECT ADDED ENTRY--TOPICAL TERM
Topical term or geographic name entry element Public International law
700 1# - ADDED ENTRY--PERSONAL NAME
Personal name Hudson, Manley O.
Relator term editor.
856 40 - ELECTRONIC LOCATION AND ACCESS
Uniform Resource Identifier <a href="https://fll.law.cu.edu.eg/fulltext/bks/B11-00277.pdf">https://fll.law.cu.edu.eg/fulltext/bks/B11-00277.pdf</a>
905 ## - Cataloger and Reviser Names
Cataloger Name: Amr
Revisor Name: Eman
942 ## - ADDED ENTRY ELEMENTS (KOHA)
Source of classification or shelving scheme Dewey Decimal Classification
Suppress in OPAC No
Koha item type Books
Edition 21
Holdings
Withdrawn status Lost status Source of classification or shelving scheme Materials specified (bound volume or other part) Damaged status Not for loan Collection Home library Current library Date acquired Total checkouts Full call number Barcode Date last seen Copy number Price effective from Koha item type
    Dewey Decimal Classification V1   Not for loan القانون الدولي العام جــــامعة القــاهرة مكتبة كلية الحقوق - المبنى الرئيسي 11.08.2025   Law1 11 341 IN 1931 00277 V1 C1 B11-00277 11.08.2025 1 11.08.2025 Books
    Dewey Decimal Classification V1     القانون الدولي العام جــــامعة القــاهرة مكتبة كلية الحقوق - المبنى الرئيسي 11.12.2025   Law1 11 341 IN 1931 1105387 V1,C2 B11-05387 11.12.2025 2 11.12.2025 Books

© All rights reserved — Faculty of Law, Cairo University

Implemented and Customized by: Eng. M. Mohamady